书目信息 |
| 题名: |
高频大功率晶体管
|
|
| 作者: | 入江俊昭 著 ;《高频大功率晶体管》翻译组 译 | |
| 分册: | ||
| 出版信息: | 北京 国防工业出版社 1976 |
|
| 页数: | 224页 | |
| 开本: | 20cm | |
| 丛书名: | ||
| 单 册: | ||
| 中图分类: | TN323 | |
| 科图分类: | ||
| 主题词: | 晶体管 | |
| 电子资源: | ||
| ISBN: | ||
| 000 | 00773nam0 2200241 45 | |
| 001 | 0176001067 | |
| 005 | 20060722110125.98 | |
| 010 | @dCNY0.90 | |
| 091 | @a15034.1458 | |
| 100 | @a19951012d1976 em y0chiy0121 ea | |
| 101 | 0 | @achi@cjpn |
| 102 | @aCN@b110000 | |
| 105 | @ay z 000yy | |
| 200 | 10 | @a高频大功率晶体管@Agao pin da gong lv jing ti guan@f(日)入江俊昭等著@F(Ri)Ru Jiang Jun Zhao Deng Zhu@g《高频大功率晶体管》翻译组译 |
| 210 | @a北京@c国防工业出版社@d1976 | |
| 215 | @a224页@d20cm | |
| 606 | @a晶体管 | |
| 690 | @aTN323@v3 | |
| 701 | 0 | @a入江俊昭@4著 |
| 712 | 02 | @a《高频大功率晶体管》翻译组@A《Gao Pin Da Gong Lu Jing Ti Guan》Fan Yi Zu@4译 |
| 801 | 2 | @aCN@bNLC@c20060722 |
| 801 | 0 | @aCN@b广东省中山图书馆@c20041223 |
| 905 | @f2@b4124-125@dTN323@e1 | |
| 高频大功率晶体管/(日)入江俊昭等著/《高频大功率晶体管》翻译组译.-北京:国防工业出版社,1976 |
| 224页;20cm |
| ISBN :CNY0.90 |
| ● |
| 相关链接 |
|
|
|
|
正题名:高频大功率晶体管
索取号:TN323/1
 
预约/预借
| 序号 | 登录号 | 条形码 | 馆藏地/架位号 | 状态 | 备注 |
| 1 | 0004124 | 001352592 | 第三借阅区/ [索取号:TN323/1] | 在馆 | |
| 2 | 0004125 | 001352510 | 密集书库/ [索取号:TN323/1] | 在馆 | |
| 3 | 0437549 | 204375498 | 密集书库/ [索取号:TN323/1] | 在馆 |